Okamžité skončenie pracovného pomeru

Aké náležitosti a postup treba zachovať pri okamžitom zrušení pracovného pomeru zamestnávateľom, zamestnancom. Doručenie okamžitého zrušenia pracovného pomeru. Mzdové nároky vyplývajúce z okamžitého zrušenia pracovného pomeru. Pokračovanie v ďalšom čísle HN.

Guardado en:
Detalles Bibliográficos
Formato: Capítulo de libro
Lenguaje:eslovaco
Materias:
Etiquetas: Agregar Etiqueta
Sin Etiquetas, Sea el primero en etiquetar este registro!

MARC

LEADER 00000naa a2200000 4500
001 r045310
005 20230925125849.2
041 0 |a slo 
044 |a SK 
245 1 0 |a Okamžité skončenie pracovného pomeru 
520 |a Aké náležitosti a postup treba zachovať pri okamžitom zrušení pracovného pomeru zamestnávateľom, zamestnancom. Doručenie okamžitého zrušenia pracovného pomeru. Mzdové nároky vyplývajúce z okamžitého zrušenia pracovného pomeru. Pokračovanie v ďalšom čísle HN. 
610 2 0 |a skončenie pomeru pracovného 
610 2 0 |a pomer pracovný 
610 2 0 |a zamestnanci 
610 2 0 |a zamestnávatelia 
610 2 0 |a náhrada mzdy 
610 2 0 |a úpravy právne